[Event "5th Vergani Cup January 2021"]
[Site "Bassano del Grappa"]
[Date "2021.01.04"]
[Round "3.8"]
[White "Orfini, Nicolo`"]
[Black "Bjerre, Jonas Buhl"]
[Result "0-1"]
[WhiteElo "2278"]
[BlackElo "2551"]
[Annotator "TA"]
[PlyCount "108"]
[EventDate "2021.01.03"]
[EventType "swiss"]
[EventCountry "ITA"]
[SourceTitle "playchess.com"]
[Source "ChessBase"]
[SourceQuality "1"]

{[%evp 24,108,0,0,0,-5,16,0,0,0,0,0,0,0,0,0,0,0,0,0,0,0,0,-4,-8,-14,0,0,0,-11,0,-10,12,11,20,24,172,115,131,60,162,45,37,0,43,0,0,-41,0,-69,-50,-108,-62,-96,-101,-258,-178,-182,-172,-242,-165,-222,-227,-208,-174,-289,-291,-273,-273,-300,-298,-456,-443,-440,-425,-543,-528,-716,-710,-640,-616,-706,-531,-1330,-1270,-1023,-967]} 1. e4 c5 2. c3 Nf6 3. e5 Nd5 4. Nf3 e6 5. d4 cxd4 6. cxd4 d6 7. Bc4 Nc6 8. O-O Be7 9. Qe2 O-O 10. Nc3 Nxc3 11. bxc3 dxe5 12. dxe5 Qa5 13. Bd2 Rd8 {B22: Sicilian: 2 c3.} 14. Rfe1 Bd7 15. Bb3 Be8 {The position is equal.} 16. Qe4 Rd7 17. Rac1 Rad8 18. Bg5 h6 {[#]} 19. Bxh6 $146 ({Predecessor:} 19. Be3 Ba3 20. Rb1 Bf8 21. Rbc1 Ba3 22. Rb1 Qxc3 23. Bc2 g6 24. Bxh6 Nd4 25. Bd1 {1-0 (45) Godena,M (2537)-Vocaturo,D (2500) Reggio Emilia 2009}) 19... gxh6 20. Bc2 $1 {Threatening mate with Qh7+.} f5 $1 {[%cal Rf5e4]} 21. exf6 $1 Bxf6 22. Qxe6+ Rf7 23. Qg4+ $40 {[%mdl 128] White is up to no good.} Kf8 24. Bb3 $1 Bg7 25. Bxf7 Bxf7 26. a4 Kg8 27. h3 Rf8 28. Nh4 Ne5 (28... Bh5 {with more complications.} 29. Qc4+ Kh8 30. Qb5 a6 31. Qxa5 Nxa5 32. g4 Bf7) 29. Qg3 Bc4 (29... Nc6 $11 {and Black is okay.}) 30. Re3 ({Better is} 30. Rb1 $18 Ba6 31. Rb4) 30... Qc5 31. Kh1 (31. Rd1 $16) 31... Rf7 {[#]} (31... Qd5 $14) 32. Rce1 (32. Rd1 $1 $18 Kh7 33. f4) 32... Nd7 $14 33. Ng6 Qg5 34. Qd6 {And now Ne7+ would win.} (34. Qc7 $5 {[%cal Rg6e7]} Nb6 35. Qb8+ Kh7 36. Rg3 $11) 34... Kh7 ({But not} 34... Rxf2 $2 35. Rg3 $18) 35. Rg3 Qf6 36. Qxf6 (36. Qd1 $1 $11) 36... Bxf6 $15 37. h4 {White is on the road to losing.} (37. a5 $1 $15) 37... h5 {[%mdl 1024] Black has strong compensation.} 38. Re8 Bb3 39. f4 $2 (39. a5 $17) 39... Bxa4 40. f5 Bc2 41. Rf3 {[#]} (41. Nf4 $142) 41... Bxf5 $1 {[%mdl 576] Remove Defender} 42. Rxf5 (42. Nf8+ $142 Rxf8 43. Rxf8 Nxf8 44. Rxf5) 42... Kxg6 $19 43. Ra5 a6 44. c4 (44. g3 $142) 44... Bxh4 {Threatens to win with ...Rf1+.} 45. g3 Be7 ({Inferior is} 45... Bxg3 46. Rg8+ Rg7 {[#]} 47. Rg5+ $1 Kxg5 48. Rxg7+ Kf6 49. Rxd7 $11) 46. Rg8+ Rg7 47. Rxg7+ (47. Rh8 $142) 47... Kxg7 {Black is clearly winning.} 48. Rxh5 Nc5 49. Rh2 a5 {[%cal Ba6a5,Ba5a4][%mdl 32]} 50. Ra2 a4 51. Kg2 Bg5 52. Kf3 Kf6 53. Ke2 Ke5 54. Rc2 Kd4 {Weighted Error Value: White=0.43/Black=0.22} 0-1

[Event "5th Vergani Cup January 2021"]
[Site "Bassano del Grappa"]
[Date "2021.01.04"]
[Round "3.9"]
[White "Brotto, Alessandro"]
[Black "Scagliarini, Lara"]
[Result "1-0"]
[WhiteElo "1921"]
[BlackElo "1907"]
[Annotator "TA"]
[PlyCount "85"]
[EventDate "2021.01.03"]
[EventType "swiss"]
[EventCountry "ITA"]
[SourceTitle "playchess.com"]
[Source "ChessBase"]
[SourceQuality "1"]

{[%evp 16,84,32,10,15,10,0,0,2,-4,20,12,27,1,18,1,-1,-4,-4,-4,-4,-10,1,-16,10,10,36,25,34,25,47,0,9,0,27,12,31,-21,-7,-55,-50,-50,0,-89,57,103,111,59,221,211,278,249,246,276,308,197,356,325,400,413,672,670,29975,1499,29976,1386,29997,29998,29998,29999,29999]} 1. e4 c5 2. Nf3 Nc6 3. Bb5 g6 4. Bxc6 dxc6 5. O-O Bg7 6. d3 Nf6 7. Nc3 O-O 8. h3 Ne8 9. Be3 b6 {B31: Sicilian: 2...Nc6 3 Bb5 g6.} 10. Qc1 {[#]} e5 $146 ({Predecessor:} 10... Nc7 11. Bh6 Ne6 12. Bxg7 Kxg7 13. Ne2 Ba6 14. Qe3 Qc7 15. Rfd1 Rfd8 16. Rd2 Rd7 17. Rad1 {1-0 (54) Radlovacki,J (2371)-Terbe,Z (2160) Budapest 2015}) 11. Bh6 f6 {The position is equal.} 12. a3 g5 13. Bxg7 Nxg7 14. Qe3 Qe7 15. Rfb1 Ne6 16. Ne2 {[%cal Bc3e2,Be2g3,Bg3h5][%mdl 32]} Nd4 17. Nfxd4 cxd4 18. Qf3 Be6 19. g4 c5 (19... h5 $5) 20. Ng3 Kg7 21. Kg2 Qd7 22. Rh1 b5 23. Nh5+ Kh8 24. Ng3 (24. Nxf6 $2 Qe7 $19) 24... c4 25. Rad1 Rab8 26. Qe2 (26. c3 $14) 26... a5 $11 27. f3 Rfc8 28. h4 cxd3 29. Qxd3 (29. cxd3 $11 {remains equal.} gxh4 30. Rxh4) 29... Rg8 ({Better is} 29... gxh4 $17 30. Rxh4 b4) 30. hxg5 $14 Rxg5 31. Rh6 (31. c3 $16) 31... Rbg8 $2 {[#] This costs Black the game.} (31... Qe7 $14) 32. Rdh1 $1 $18 (32. Rxf6 Bc4 $16) 32... Bxg4 33. fxg4 (33. Rxh7+ $2 Qxh7 34. Rxh7+ Kxh7 $17) 33... Rxg4 34. R1h3 (34. Rxf6 $2 Rxg3+ 35. Qxg3 Rxg3+ 36. Kxg3 Qg7+ 37. Kh2 Qxf6 $19) (34. Rxh7+ $2 Qxh7 35. Rxh7+ Kxh7 $17) 34... Qg7 {next ...Rxg3+! is good for Black.} 35. Kh2 {Qf3 is the strong threat.} (35. Rxh7+ $2 Qxh7 36. Rxh7+ Kxh7 $17) 35... Qc7 $2 (35... Rg6 36. Rxg6 (36. Rxh7+ Qxh7 37. Rxh7+ Kxh7 $11) 36... Qxg6 37. Qxb5 Qg5) 36. c3 ({Don't play} 36. Rxf6 R4g5 $18) (36. Rxh7+ Qxh7 37. Rxh7+ Kxh7 $14) 36... R8g7 37. Rxf6 Qe7 (37... dxc3 $142 38. bxc3 a4) 38. Qf3 {Black must now prevent Rf8+.} Qd7 39. Rf8+ Rg8 40. Qf6+ (40. Rf7 $142 Qxf7 {[%mdl 64] Remove Defender} 41. Qxf7 R8g7 42. Qe8+ {[%mdl 64] Double Attack} Rg8 43. Qxe5+ R8g7 44. cxd4 R4g5 45. Qe8+ (45. Nf5 Rg2+ {[%mdl 64] Double Attack} 46. Kh1 Rg1+ 47. Kh2 R1g2+ {[%mdl 64] Double Attack} 48. Kh1 Rg1+ 49. Kh2 R1g2+ $11 {[%mdl 64] Double Attack}) 45... Rg8 46. Qe7) 40... R4g7 {[#]} 41. Rxh7+ $1 {[%mdl 512] White mates.} Kxh7 42. Qh4+ Kg6 43. Qh5# {Weighted Error Value: White=0.18/Black=0.84} 1-0

[Event "5th Vergani Cup January 2021"]
[Site "Bassano del Grappa"]
[Date "2021.01.04"]
[Round "3.10"]
[White "Zarpellon, Daniel"]
[Black "Pigato, Alex"]
[Result "1-0"]
[WhiteElo "1916"]
[BlackElo "1725"]
[Annotator "TA"]
[PlyCount "63"]
[EventDate "2021.01.03"]
[EventType "swiss"]
[EventCountry "ITA"]
[SourceTitle "playchess.com"]
[Source "ChessBase"]
[SourceQuality "1"]

{[%evp 12,63,54,33,44,10,17,3,18,3,29,29,35,31,65,56,56,66,70,79,97,96,110,110,108,111,114,81,75,80,83,93,77,87,261,239,711,700,708,705,705,675,677,509,730,716,805,798,740,677,643,619,5967,5908]} 1. Nf3 g6 2. d4 f5 3. c4 Nf6 4. Nc3 Bg7 5. g3 b6 6. Bg2 Bb7 7. O-O O-O {A04: Unusual lines after 1 Nf3 and King's Indian Attack.} 8. Ne1 Bxg2 9. Nxg2 {[#]} c6 $146 {The position is equal.} ({Predecessor:} 9... Nc6 10. b3 Nxd4 11. Bb2 Ne6 12. Nd5 c6 13. Ndf4 Nxf4 14. Nxf4 Qc7 15. Qc2 e5 {½-½ (40) Sargac,D (2201)-Filipovic,B (2410) Bosnjaci 2004}) 10. Qb3 Kh8 11. f3 Na6 12. Bg5 h6 13. Bxf6 Bxf6 14. Rad1 g5 15. e4 e5 16. dxe5 Bxe5 17. f4 Nc5 18. Qc2 gxf4 19. Nxf4 (19. gxf4 {with more complications.} Bxc3 20. Qxc3+ Qf6 21. Qxf6+ Rxf6 22. exf5 Rg8 23. b4) 19... Bxf4 20. Rxf4 fxe4 {next ...Rxf4 is good for Black.} 21. Rxf8+ Qxf8 22. Nxe4 Re8 $2 {This move loses the game for Black.} (22... Rd8 $16) 23. Qc3+ $18 Kh7 $2 (23... Qg7) 24. Nf6+ {[%mdl 64] [#] Double Attack. White is clearly winning.} Kg6 25. Nxe8 Qxe8 {[%mdl 4096] Endgame KQR-KQN} 26. Rd6+ Kh7 27. Qd2 Qf8 28. b4 Ne4 29. Rxd7+ {[%mdl 64] [#] Double Attack} Kg8 30. Qd4 Ng5 {And now ...Nf3+ would win.} 31. Qd3 {Threatening mate with Qg6+.} Qe8 32. Rd8 {Weighted Error Value: White=0.17/Black=0.27} 1-0

[Event "5th Vergani Cup January 2021"]
[Site "Bassano del Grappa"]
[Date "2021.01.05"]
[Round "4.1"]
[White "Warmerdam, Max"]
[Black "Bellahcene, Bilel"]
[Result "0-1"]
[WhiteElo "2506"]
[BlackElo "2510"]
[Annotator "TA"]
[PlyCount "98"]
[EventDate "2021.01.03"]
[EventType "swiss"]
[EventCountry "ITA"]
[SourceTitle "playchess.com"]
[Source "ChessBase"]
[SourceQuality "1"]

{[%evp 13,98,22,18,0,31,0,0,-21,-21,-39,-29,-35,-9,-13,-20,-21,-11,-16,-16,-26,-8,0,97,50,158,69,195,61,92,45,160,47,75,52,32,27,115,120,103,120,127,124,111,105,113,109,126,133,86,38,61,-26,-14,-99,-97,-75,-26,-108,-58,-197,-201,-275,-245,-762,-760,-741,-732,-960,-289,-262,-239,-318,-313,-357,-357,-395,-363,-1668,-1305,-5097,-5097,-4694,-4622,-29986,-29987,-29987,-29987]} 1. e4 c5 2. Nf3 d6 3. d4 cxd4 4. Nxd4 Nf6 5. Nc3 a6 6. Be3 e5 7. Nb3 Be6 8. h3 {B90: Sicilian Najdorf: Unusual White 6th moves, 6 Be3 Ng4 and 6 Be3 e5.} Be7 9. Qf3 O-O 10. O-O-O {The position is equal.} b5 {[%cal Bb7b5,Bb5b4][%mdl 32]} 11. g4 b4 $1 {[%cal Rb4c3]} 12. Nd5 Nxd5 13. exd5 Bc8 14. Bd3 Nd7 15. h4 a5 16. Nd2 Ba6 17. Bf5 $40 {[%mdl 128] [#] White attacks.} Rc8 $146 (17... a4 $11) ({Predecessor:} 17... a4 18. h5 Qc7 19. g5 a3 20. b3 Qc3 21. Ne4 Qb2+ 22. Kd2 Rac8 23. Rc1 Rc5 {1-0 (42) Franzen,T (2209)-Ovcharenko,L (2272) ICCF email 2016}) 18. h5 $16 Nc5 (18... Qc7 $14) 19. Kb1 ({White should play} 19. Bxc8 $16 Qxc8 20. Kb1) 19... Na4 (19... Rc7 $1 $14) 20. Nb3 (20. g5 $18) 20... Rb8 21. Ka1 Qc7 (21... h6 $14) 22. g5 (22. Qe4 $16) 22... Bc8 $1 $14 23. Bd3 {And now Qe4! would win.} f5 {White must now prevent ...e4.} 24. gxf6 $1 Rxf6 (24... Bxf6 $11 25. Qe4 Bf5 $1 26. Qxf5 e4) 25. Qg2 $16 Bf5 26. Rdg1 {[%csl Gg1][%cal Rg2g7]} Bf8 {[#]} 27. Bxf5 Rxf5 28. Qe4 Rf6 29. f4 Rc8 30. fxe5 dxe5 31. Rg2 Qf7 32. Bc1 (32. Rd2 $14) 32... Nb6 $11 {[%cal Ba4b6,Bb6d5,Bd5e3][%mdl 32]} 33. Qxe5 (33. Nxa5 $11 {remains equal.} Qxd5 34. Qxd5+ Nxd5 35. Rg5) 33... a4 $17 {[%cal Ba5a4,Ba4a3][%mdl 32]} 34. Nd4 Re8 35. Qg5 (35. Ne6 $11 Nxd5 36. Qxd5 Rexe6 37. Kb1) 35... Nxd5 36. Rhg1 {[#]} (36. h6 $15 a3 37. hxg7 Bxg7 38. Qh4 axb2+ 39. Kxb2) 36... a3 $1 $19 37. Ne2 Rf5 38. Qg4 (38. Qg3) 38... Ne3 39. Bxe3 Rxe3 40. Nc1 Rxh5 $2 ({Weaker is} 40... axb2+ 41. Kxb2 Rxh5 42. Kb1 $17) (40... Qf6 {[%csl Ga3][%cal Rf6b2]} 41. Nd3 Rf1+ 42. Qd1 Rxd1+ 43. Rxd1 Qf3) 41. Qd4 Rhe5 42. Nd3 R5e4 43. Qd8 Re8 44. Qh4 Rf3 {Threatens to win with ...Rf1+.} 45. Qh1 $2 (45. Kb1 Rf1+ 46. Nc1 axb2 47. Kxb2) 45... axb2+ 46. Kxb2 Ra8 47. Nc1 g6 48. Rh2 Bg7+ 49. Kb1 Qf6 {[%csl Gg7][%cal Rf6b2] Weighted Error Value: White=0.95/Black=0.29} 0-1

[Event "5th Vergani Cup January 2021"]
[Site "Bassano del Grappa"]
[Date "2021.01.05"]
[Round "4.2"]
[White "Dardha, Daniel"]
[Black "Niemann, Hans Moke"]
[Result "1/2-1/2"]
[WhiteElo "2487"]
[BlackElo "2472"]
[Annotator "TA"]
[PlyCount "106"]
[EventDate "2021.01.03"]
[EventType "swiss"]
[EventCountry "ITA"]
[SourceTitle "playchess.com"]
[Source "ChessBase"]
[SourceQuality "1"]

{[%evp 9,106,6,12,0,11,16,25,18,5,-27,-1,-24,-19,-26,-14,-18,0,-15,-8,0,0,-21,-11,-7,0,-12,20,-37,-29,-46,-47,-48,-43,-68,-26,-43,-21,-17,-13,-13,-19,-40,-18,-17,-18,-18,-22,-54,-35,-40,-35,-42,-54,-54,-54,-51,-52,-48,-31,-50,-43,-38,-26,-39,0,0,8,0,8,8,22,22,22,22,20,22,246,236,236,236,308,308,824,60,66,0,0,0,0,0,0,0,0,0,0,0,0,0,0]} 1. d4 Nf6 2. Nf3 e6 3. g3 b5 4. Qd3 a6 5. e4 Bb7 6. e5 {A46: 1 d4 Nf6 2 Nf3 e6: Torre, London and Colle Systems.} Nd5 7. Bg2 d6 8. O-O {White has an edge.} Nd7 9. a3 c5 10. dxc5 Nxc5 11. Qe2 {[#]} dxe5 $146 ({Predecessor:} 11... Be7 12. b3 O-O 13. Bb2 Qc7 14. Nbd2 dxe5 15. Bxe5 Bd6 16. Bb2 Nb6 17. Rfe1 Rfe8 {0-1 (72) Ruck,R (2569)-Pedersen,N (2508) Istanbul 2003}) 12. Nxe5 Bd6 (12... Be7 {looks sharper.} 13. Bd2 O-O 14. Rd1 Qc7 15. Nc3 Bf6) 13. b3 Qc7 (13... O-O {keeps more tension.} 14. Bb2 Qe7 15. Nd2 Rfd8 16. c4 Bxe5 17. Bxe5 bxc4 18. Nxc4 f6) 14. Bb2 O-O 15. Nd2 Ne7 16. Bxb7 Qxb7 17. Rfd1 Rac8 18. Ndf3 {[#]} (18. b4 $11 Na4 19. Ne4 $1 Bxe5 20. Bxe5) 18... Qe4 $1 19. Qd2 (19. Qxe4 Nxe4) 19... Bxe5 20. Nxe5 f6 21. Nd7 Rfe8 22. Re1 Qd5 (22... Qf5 {with more complications.} 23. Nxc5 Rxc5 24. Rac1 Rec8 25. c3 Kf7) 23. Qxd5 Nxd5 24. Nxc5 Rxc5 25. Rac1 Kf7 26. c4 bxc4 27. bxc4 Ne7 28. Red1 Rec8 29. Rd7 Rxc4 30. Rxc4 Rxc4 $15 {[%mdl 4096] Endgame KRB-KRN} 31. Ra7 $1 Rc2 32. Bd4 Rc6 33. a4 e5 34. Be3 Ke6 35. a5 g5 36. Bb6 g4 37. Rxa6 f5 38. h3 h5 39. Ra8 f4 40. gxf4 exf4 41. Rh8 Rc1+ 42. Kh2 {Black must now prevent a6.} Nd5 $2 {[#]} (42... g3+ $11 {and Black stays safe.} 43. fxg3 Rc2+ 44. Kg1 fxg3) 43. Rh6+ $1 $18 ({Inferior is} 43. Rxh5 g3+ 44. fxg3 Rc2+ 45. Kh1 fxg3 $11) 43... Kd7 44. Rxh5 Nxb6 45. axb6 {KR-KR} Rc2 $2 (45... g3+ 46. fxg3 fxg3+ 47. Kg2 Rc2+ 48. Kxg3 Rc3+ 49. Kf2 Kc8) 46. Rh7+ $2 (46. hxg4 $18 Rxf2+ 47. Kh3) 46... Ke6 $1 $14 47. hxg4 ({Better is} 47. Rh6+ $1 $14 Kd5 48. hxg4 Rxf2+ 49. Kh3) 47... Rxf2+ $11 {The position is equal.} 48. Kh3 (48. Kg1 {is interesting.} Rb2 49. Kf1 Kf6 50. b7 Kg5 51. Ke1) 48... Rb2 49. Rb7 f3 50. g5 {And now Rb8 would win.} f2 51. Kg2 {Threatens to win with g6.} Kf5 52. Rb8 {Hoping for b7.} Kg6 $1 53. b7 {Rg8+ is the strong threat.} Kg7 {Weighted Error Value: White=0.26/Black=0.19} 1/2-1/2

[Event "5th Vergani Cup January 2021"]
[Site "Bassano del Grappa"]
[Date "2021.01.05"]
[Round "4.3"]
[White "Sonis, Francesco"]
[Black "Moroni, Luca Jr"]
[Result "1/2-1/2"]
[WhiteElo "2483"]
[BlackElo "2562"]
[Annotator "TA"]
[PlyCount "24"]
[EventDate "2021.01.03"]
[EventType "swiss"]
[EventCountry "ITA"]
[SourceTitle "playchess.com"]
[Source "ChessBase"]
[SourceQuality "1"]

{[%evp 9,24,42,49,31,83,27,50,16,26,20,21,-83,75,54,73,12,37]} 1. d4 g6 2. c4 Bg7 3. Nf3 d6 4. g3 Bd7 5. Nc3 Nc6 6. Bg2 {A41: 1 d4 d6: Tartakower System and Modern Defence.} Qc8 ({Black should try} 6... e5 $14) 7. h3 (7. O-O $16) 7... Nf6 8. Be3 {White is slightly better.} O-O 9. Qd2 e5 {[#]} 10. Bh6 $146 (10. dxe5 $11 dxe5 11. Rd1) ({Predecessor:} 10. Rd1 Re8 11. b3 a6 12. g4 h5 13. dxe5 Nxe5 14. Nxe5 Rxe5 15. Bd4 Re8 16. Qf4 {1-0 (54) Eingorn,V (2592)-Kupreichik,V (2457) Bad Woerishofen 1999}) 10... Re8 $2 {[#]} (10... Nxd4 $17 {stays on course.} 11. Bxg7 Nxf3+ 12. Bxf3 Kxg7) 11. Bxg7 $1 $16 Kxg7 12. Nd5 (12. g4 $16) 12... Qd8 {Weighted Error Value: White=0.40/Black=0.56} 1/2-1/2

[Event "5th Vergani Cup January 2021"]
[Site "Bassano del Grappa"]
[Date "2021.01.05"]
[Round "4.4"]
[White "Nguyen, Thai Dai Van"]
[Black "Mendonca, Leon Luke"]
[Result "1/2-1/2"]
[WhiteElo "2571"]
[BlackElo "2516"]
[Annotator "TA"]
[PlyCount "53"]
[EventDate "2021.01.03"]
[EventType "swiss"]
[EventCountry "ITA"]
[SourceTitle "playchess.com"]
[Source "ChessBase"]
[SourceQuality "1"]

{[%evp 13,40,8,8,0,0,0,7,0,0,0,0,0,24,24,24,24,31,29,36,41,41,22,35,10,12,12,12,14,26]} 1. d4 Nf6 2. c4 e6 3. Nc3 Bb4 4. Qc2 O-O 5. e4 d5 6. e5 Ne4 7. Bd3 c5 8. Nf3 $1 {8.Nf3 scores better than 8.Nge2. E32: Nimzo-Indian: Classical (4 Qc2): 4...0-0.} cxd4 9. Nxd4 Nd7 10. Bf4 Qh4 11. g3 Qh5 12. O-O g5 13. cxd5 Nxc3 14. dxe6 gxf4 15. exd7 Bxd7 {[#] White must now prevent ...Nd5.} 16. bxc3 Rac8 17. Bf5 Bxc3 18. Bxd7 Bxa1 {The position is equal.} 19. Bxc8 Bxd4 20. Bxb7 Qxe5 {[#]  Weighted Error Value: White=0.06/Black=0.03} {Predecessor:} 21. Kg2 $146 Rb8 22. Rb1 Kg7 23. Qd3 Qf6 24. Rb5 Be5 25. Qe4 Re8 26. Qc4 Re7 27. Bf3 {1-0 (57) Shmeliov,D (2416)-Ng,G (2249) Las Vegas 2016} 1/2-1/2

[Event "5th Vergani Cup January 2021"]
[Site "Bassano del Grappa"]
[Date "2021.01.05"]
[Round "4.5"]
[White "Yu, Jennifer"]
[Black "Basso, Pier Luigi"]
[Result "0-1"]
[WhiteElo "2315"]
[BlackElo "2561"]
[Annotator "TA"]
[PlyCount "98"]
[EventDate "2021.01.03"]
[EventType "swiss"]
[EventCountry "ITA"]
[SourceTitle "playchess.com"]
[Source "ChessBase"]
[SourceQuality "1"]

{[%evp 9,98,-13,0,0,0,-7,0,-32,-39,-30,-20,-43,-12,-8,15,14,13,15,16,13,30,4,22,22,20,13,23,0,8,0,0,0,0,-13,-7,-24,0,0,6,-9,0,-19,-31,-35,-14,-16,0,0,0,0,0,0,0,-35,22,0,0,0,0,0,0,-41,87,0,8,15,390,228,278,186,678,7,666,0,16,0,0,-3024,-4950,-3432,-2774,-1423,-2337,-1857,-1423,-12835,-12102,-29987,-29988,-29988,-29989]} 1. c4 g6 2. g3 Bg7 3. Bg2 e6 4. d4 d5 5. cxd5 exd5 6. Nc3 {A10: English Opening: Unusual Replies for Black.} Ne7 7. Bg5 {Threatens to win with Nxd5!} c6 8. Qd2 {The position is equal.} h6 9. Bf4 {[#]} Na6 $146 ({Predecessor:} 9... Nf5 10. Be5 f6 11. Bf4 g5 12. Be3 O-O 13. O-O-O Re8 14. h4 Qe7 15. Bh3 Nxe3 16. fxe3 Bxh3 17. Nxh3 Qxe3 18. Qxe3 Rxe3 {0-1 (41) Rangel,D (2227)-Barria Zuniga,D (2341) Chess.com INT 2020}) 10. Nf3 Nc7 (10... g5 $5 11. Be3 $8 f6 $15) 11. Be5 f6 12. Bxc7 Qxc7 13. b4 O-O 14. O-O Nf5 15. Qd3 Qf7 16. b5 Nd6 17. bxc6 bxc6 (17... Bf5 $5 {[%cal Rf5d3]} 18. cxb7 Bxd3 19. bxa8=R Rxa8 20. exd3 Kh7 $11) 18. Nd2 a5 19. Rfb1 Bf5 20. e4 dxe4 21. Ndxe4 Rad8 22. Re1 Nxe4 23. Nxe4 c5 24. Qb5 cxd4 25. Qxa5 d3 26. Nd2 Kh7 27. a4 Bg4 28. Rab1 Be2 29. Rb7 Rd7 30. Reb1 Rc8 31. h3 Rcc7 {[#]} (31... h5 $15) 32. Bd5 $1 $36 {[%mdl 2048] White has good play.} Qe7 {[%cal Rc7b7]} 33. Rxc7 Rxc7 34. Rb8 {Strongly threatening Bg8+.} h5 $1 {[%cal Rh5h4]} 35. h4 Ra7 (35... f5 $15 {keeps the upper hand.}) 36. Qb5 (36. Qb6 $1 $16) 36... Qe5 37. Re8 Qa1+ $2 {[%mdl 8192]} (37... Qc7 $1 $11) 38. Kg2 (38. Kh2 $142 {Black must now prevent Bg8+.} Rxa4 39. Qd7) 38... Qd4 (38... Qxa4 39. Qb8) 39. Ne4 {Bg8+ is the strong threat.} f5 $2 ({Wrong is} 39... Rxa4 $2 40. Bg8+ (40. Nc3 Ra1 $11 {[%mdl 64] Decoy}) 40... Kh8 41. Bc4+ Kh7 42. Qxa4 $18) (39... Kh6) 40. Ng5+ $1 $18 Kh6 41. Bb7 $2 ({Only move:} 41. Re6 $1 $18 {Qc6 would kill now.} Rc7 42. Qe8 $1 Qxd5+ 43. Kh2 Qxe6 44. Nxe6) 41... Bf6 ({Don't blunder} 41... Rxa4 $2 42. Re6 $18) 42. Nf7+ Kg7 $1 {aiming for ...d2.} 43. Rc8 $2 {[%mdl 8192] [#]} Rxb7 $1 $19 {[%mdl 576] Remove Defender} 44. Qxb7 Qe4+ 45. Qxe4 fxe4 46. Rc7 {[#]} Kf8 $1 47. Ng5 Bxg5 48. hxg5 d2 49. Rd7 Bd3 {Weighted Error Value: White=0.82/Black=0.34} 0-1

[Event "5th Vergani Cup January 2021"]
[Site "Bassano del Grappa"]
[Date "2021.01.05"]
[Round "4.6"]
[White "Bjerre, Jonas Buhl"]
[Black "Fecker, Noah"]
[Result "1-0"]
[WhiteElo "2551"]
[BlackElo "2329"]
[Annotator "TA"]
[PlyCount "77"]
[EventDate "2021.01.03"]
[EventType "swiss"]
[EventCountry "ITA"]
[SourceTitle "playchess.com"]
[Source "ChessBase"]
[SourceQuality "1"]

{[%evp 14,77,8,8,30,20,17,21,22,42,85,85,92,65,65,60,67,40,87,45,59,10,25,0,42,39,85,90,194,176,179,170,193,185,200,193,193,193,193,193,193,199,210,207,209,204,222,222,222,222,254,259,266,273,457,450,444,441,443,438,423,416,564,552,1961,1890]} 1. d4 Nf6 2. c4 g6 3. Nf3 Bg7 4. g3 c6 5. Bg2 d5 6. O-O O-O 7. b3 dxc4 {7...Ne4 is setting a new trend.} 8. bxc4 c5 {D78: Fianchetto Grünfeld: 6 0-0 c6.} 9. Bb2 Qb6 10. Qc1 Ne4 {[%cal Rc5d4] The position is equal.} 11. e3 {[#]} cxd4 $146 ({Predecessor:} 11... Nc6 12. Ne5 Nd6 13. dxc5 Qxc5 14. Nxc6 bxc6 15. Bxg7 Kxg7 16. Nd2 Be6 17. Nb3 Qxc4 {½-½ (31) Ladva,O (2522)-Meskovs,N (2546) chess.com INT 2018}) 12. Bxd4 Qa6 13. Bxg7 Kxg7 14. Nd4 Nf6 15. Nb5 {Threatens to win with Nc7.} Qb6 16. a4 Nc6 17. c5 Qa5 18. Nd2 Be6 19. Qb2 Rac8 20. Ne4 {Black is on the road to losing.} Rfd8 (20... Qb4 $16 21. Qxb4 Nxb4) 21. Nxf6 {[%mdl 64] Overworked Piece} exf6 22. Nd6 {[%mdl 64] Double Attack, Discovered Attack} Rb8 23. Nxb7 {[%mdl 64] Double Attack} Qc7 24. Bxc6 Qxc6 25. Nxd8 Rxd8 26. Rfe1 Qxc5 27. h4 Rd3 28. Rad1 Rb3 29. Qd4 Qa5 30. Rb1 Ra3 31. Ra1 Ra2 32. Rec1 Rd2 {[#]} 33. Rc5 $1 Qb6 {[#]} (33... Rxd4 34. Rxa5 Rd7) 34. a5 $1 $18 Qd6 (34... Qd8 35. Qxd8) 35. Qxd6 Rxd6 36. a6 Rd7 37. Rb5 Kf8 38. Rb7 Ke7 39. Rd1 {Weighted Error Value: White=0.07/Black=0.28} 1-0